LEADER 01686nam a2200373 a 4500 001 000000174349 003 CaOOAMICUS 005 20210308165008.0 008 210308r2019 it u000 u ita r 020 $a978-88-399-3420-8* 032 $aLibriCat 040 $aPUL$bita 082 00$a230.2 100 1 $aSesboüé, Bernard,$cS.I.,$d1929-$0(OLS)http://pul/name/11471 240 10$aN'ayez pas peur!.$lItaliano.$0(OLS)http://pul/title/8601 245 10$aNon abbiate paura! :$bsguardi sulla Chiesa e sui ministeri oggi /$cBernard Sesboüé ; editoriale di Erio Castellucci ; prefazione di Henri Bourgeois. 260 $aBrescia :$bQueriniana,$c©2019. 300 $a155 p. ;$c20 cm 490 1 $aGiornale di teologia ;$v420 500 $aTraduzione dal francese di Gloria Romagnoli. 610 24$aChiesa cattolica$ySec. XXI.$0(OLS)http://pul/subject/33589 700 1 $aBourgeois, Henri.$0(OLS)http://pul/name/17071 700 1 $aCastellucci, Erio,$cvescovo di Carpi,$d1960-$0(OLS)http://pul/name/54127 700 1 $aRomagnoli, Gloria.$0(OLS)http://pul/name/110378 830 0$aGiornale di teologia ;$v420.$0(OLS)http://pul/title/9027 850 $aPUL 852 $aPUL$W1$xSL Religione 3$y85$m200 GDT 1.420$j198660$qDDC 21$B203269$CPULBib$Z2$F203269 $H134830 $82 941 1 $a9 983 0$aGdT. 996 $6020$a978-88-399-3420-8*$9(OLS)http://pul/number/168069 996 $6082$a230.2$9(OLS)http://pul/classification/486 996 $6245$aNon abbiate paura! :$bsguardi sulla Chiesa e sui ministeri oggi$9(OLS)http://pul/title/215594 996 $6260$aBrescia :$bQueriniana$9(OLS)http://pul/publisher/47906 LEADER 01979namaa2200373 i 4500 001 000000177365 003 CaOOAMICUS 005 20241007122830.0 007 tu 008 241007s2024 it h 000 u ita r 020 $a978-88-8054-956-7* 040 $aPUL$bita$erda 082 0 $a346.45064 111 0 $aArcidiocesi di Siracusa$cOsservatorio giuridico diocesano$cGiornata di Studi$d(2024 :Fondazione Sant?Angela Merici, Siracusa)$eautore.$0(OLS)http://pul/name/114058 245 10$aEnti ecclesiastici e riforma del terzo settore :$batti della giornata di studi dell'Osservatorio giuridico diocesano di Siracusa : 3 maggio 2024 /$ca cura di Gianluca Belfiore, Sebastiano Amenta [e altri dodici] . 264 1$aRoma :$bEdizioni Scout Fiordaliso,$c[2024] 264 4$c©2024. 300 $a126 pagine ;$c24 cm 336 $atesto$btxt$2rdacontent 337 $asenza mediazione$bn$2rdamedia 338 $avolume$bnc$2rdacarrier 504 $aBibliografia in nota a piè pagina. 650 4$aEnti ecclesiastici$xDiritto e legislazione$zItalia.$0(OLS)http://pul/subject/1710 700 1 $aBelfiore, Gianluca ,$csacerdote,$d1981-,$ecuratore.$0(OLS)http://pul/name/102418 700 1 $aAmenta, Sebastiano,$c sacerdote,$econtributore.$0(OLS)http://pul/name/114059 850 $aPUL 852 $aPUL$W1$xSL Diritto e Scienze Sociali 3$y79$m346. 45064 BELGI 1$j201320$qDDC 21$B206316$CPULBib$Z2$F206316 $H137409 $82 941 1 $a9 996 $6020$a978-88-8054-956-7*$9(OLS)http://pul/number/170061 996 $6082$a346.45064$9(OLS)http://pul/classification/2205 996 $6245$aEnti ecclesiastici e riforma del terzo settore :$batti della giornata di studi dell'Osservatorio giuridico diocesano di Siracusa : 3 maggio 2024$9(OLS)http://pul/title/218873 996 $6264$a[S.l.] :$b[s.n.]$9(OLS)http://pul/publisher/0 996 $6264$aRoma :$bEdizioni Scout Fiordaliso$9(OLS)http://pul/publisher/87627